000 01855nam a2200157 4500
001 14072
005 20260417114007.0
010 _a9782807104587
090 _a14072
099 _o0
100 _a20260417d u||y0frey50 ba
200 _aSur le Qui vive (3 textes à lire et à jouer)
_bLIVR
214 _cLansman editeur
323 _aindéfini
330 _a Laurent Contamin / Lise Martin - Gardiens des arbres - Ils sont une quinzaine à se retrouver au skatepark durant les longues journées d'été. Mais voilà que la petite ville (où à vrai dire ils s'ennuient) se retrouve encerclée par des nuages de fumée : la forêt s'embrase. Que faire pour arrêter ces feux ? Que faire pour combattre les catastrophes annoncées et craintes ? Que faudrait-il inventer pour que les adultes réagissent enfin ? Dominique Paquet / Luc Tartar - Les enfants lune - Dans un établissement scolaire, les classes de 6ᵉ (en particulier la 6ᵉ2) sont en ébullition. Le collège doit accueillir des élèves venant de l'Est afin de les scolariser. La révolte gronde. Qui sont ces jeunes migrants qui envahissent l'école ? Faut-il les accepter ? Ne vont-ils pas perturber l'harmonie de la classe ? Entre solidarité et rejets, les élèves décident de réunir la République de classe. Bruno Allain / Natacha de Pontcharra - Caho Girl - Face à la léthargie de ses camarades plongés dans leurs portables, Sacha la rebelle tente de les faire bouger. En vain. Déçue, elle les abandonne un soir pour rejoindre leur ancien terrain de jeu. Par bravade, elle se prend à monter une vache façon rodéo, mais elle finit par chuter et se retrouve dans le coma. Ce choc va-t-il ébranler ses camarades et les inciter à prendre enfin leur vie en main ?
700 _a Laurent Contamin / Lise Martin / Dominique Paquet / Luc Tartar / Bruno Allain / Natacha de Pontcharra